000 00715nam a2200265Ia 4500
005 20260302114604.0
008 008 260114s9999 xx 000 0 eng d
020 _a9781472546425
037 _aTextbook
040 _aCRL
040 _beng
040 _cCRL
041 _2eng
041 _aeng
084 _qCRL
100 _aPol Vandevelde
_91119177
245 0 _aEpistemology, Archaeology, Ethics Current Investigations of Husserl's Corpus
260 _bBloomsbury
260 _bBloomsbury Academic
260 _c2010
650 _aPhilosophy
856 _uhttps://dx.doi.org/10.5040/9781472546425?locatt=label:secondary_bloomsburyCollections
942 _cEBOOK
999 _c1683106
_d1683106